000 00807nam a2200241Ia 4500
003 OSt
005 20220923214552.0
006 a|||||r|||| 00| 0
007 ta
008 220922b |||||||| |||| 00| 0 hin d
024 _a170,849
037 _cTextual
040 _aARTS
_cARTS
_bhin
041 _2hin
_ahin
082 _aO152;3N11x, L1
100 _aअज्ञैय, स0 ही0 वात्स्यायन
_9163379
245 0 _aअमर वल्लरी और अन्य कहानियां
246 _aAmar vallarī aur anya kahāniyāan
260 _c1971
650 _aहिन्दी साहित्य
_9156264
942 _hO152;3N11x, L1
_cTEXL
_2CC
999 _c325133
_d325133